000 00592nam a2200205Ia 4500
001 17218
003 GE_BSU
008 181216s||||||||xx |||||||||||||| ||und||
040 _cGE_BSU
080 _a82-93:821.353.1-32
100 _aდევდარიანი, კლავდია
245 _aმოთხრობები.
245 _cრედ. ბ. ჟღენტი
260 _aთბილისი
260 _bსაბლიტგამი
260 _c1950
300 _a34გვ. : ილ. ; 19სმ
653 _aმოთხრობები.
942 _cBK
999 _c50279
_d50279